Предотвращение загрязнения окружающей среды: пер. с англ.

Dades bibliogràfiques
Autor principal: Диамант Р.
Altres autors: Цыганков А. П. (редактор)
Idioma:rus
Publicat: Москва, Стройиздат, 1979
Matèries:
Format: MixedMaterials Llibre
KOHA link:https://koha.lib.tpu.ru/cgi-bin/koha/opac-detail.pl?biblionumber=86580

MARC

LEADER 00000nam0a2200000 4500
001 86580
005 20231031101629.0
035 |a (RuTPU)RU\TPU\book\92977 
090 |a 86580 
100 |a 20051128d1979 k y0rusy50 ca 
101 1 |a rus  |c eng 
102 |a RU 
105 |a a z 001zy 
200 1 |a Предотвращение загрязнения окружающей среды  |e пер. с англ.  |f Р. Диамант  |g под ред. А. П. Цыганкова 
210 |a Москва  |c Стройиздат  |d 1979 
215 |a 172 с.  |c ил. 
320 |a Библиогр. в конце разделов 
610 1 |a окружающая среда 
610 1 |a загрязнение 
610 1 |a твердые бытовые отходы 
610 1 |a сжигание 
610 1 |a вода 
610 1 |a очистка 
610 1 |a коммунальные службы 
610 1 |a транспорт 
610 1 |a атмосфера 
610 1 |a шум 
675 |a 502.3  |v 3 
700 1 |a Диамант  |b Р. 
702 1 |a Цыганков  |b А. П.  |4 340 
801 1 |a RU  |b 63413507  |c 20051128  |g PSBO 
801 2 |a RU  |b 63413507  |c 20060318  |g PSBO 
942 |c BK